|
|
|
|
| LEADER |
00000nab#a22000007a#4500 |
| 001 |
arbauad043518 |
| 003 |
AR-BaUAD |
| 005 |
20250711113357.0 |
| 008 |
000411|||||||||###||||||b###|0###a|spa|| |
| 040 |
|
|
|a AR-BaUAD
|c AR-BaUAD
|b spa
|
| 245 |
1 |
0 |
|a Grands Projets
|
| 300 |
0 |
|
|b fot.
|
| 653 |
|
|
|a DISEÑO
|
| 653 |
|
|
|a TEORIA
|
| 653 |
|
|
|a CRITICAS
|
| 653 |
|
|
|a ARQUITECTURA CONTEMPORANEA
|
| 653 |
|
|
|a INSTITUTO DEL MUNDO ARABE
|
| 653 |
|
|
|a NOUVEL, JEAN
|
| 653 |
|
|
|a ARCO DE LA DEFENSE
|
| 653 |
|
|
|a FRANCIA
|
| 653 |
|
|
|a OTTO, JOHAN
|
| 653 |
|
|
|a MUSEO DEL LOUVRE
|
| 653 |
|
|
|a MUSEO D'ORSAY
|
| 653 |
|
|
|a CITE DE LA MUSIQUE
|
| 653 |
|
|
|a PORTZAMPARC, CHRISTIAN DE
|
| 653 |
|
|
|a MUSEO DE CIENCIA E INDUSTRIA
|
| 653 |
|
|
|a LA VILLETTE
|
| 653 |
|
|
|a TSCHUMI, BERNARD
|
| 653 |
|
|
|a FAINSILBER, ADRIEN
|
| 653 |
|
|
|a MINISTERIO DE FINANZAS
|
| 653 |
|
|
|a CHEMETOV, PAUL
|
| 653 |
|
|
|a HUIDOBRO, BORJA
|
| 653 |
|
|
|a OTT, CARLOS
|
| 773 |
0 |
|
|t ARCHITECTURAL RECORD
|g [mar. 1990], p. 77-83
|
| 942 |
|
|
|c ARTI
|
| 952 |
|
|
|0 0
|1 0
|4 0
|7 0
|9 88437
|a AR-BAuAD
|b AR-BAuAD
|d 2025-07-11
|l 0
|p AAQA043518
|r 2025-07-11 11:33:57
|w 2025-07-11
|y ARTI
|
| 990 |
|
|
|a AQ199
|b TD
|
| 998 |
|
|
|a AAQ
|b BIBUN76
|
| 999 |
|
|
|c 68110
|d 68110
|